|
|
|
|
| LEADER |
00000nab a2200000 a 4500 |
| 001 |
vtls000511418 |
| 003 |
SK-MaSNL |
| 005 |
20260304092723.0 |
| 008 |
250425c1994 xo 0 slo |
| 015 |
|
|
|a SNBRB19rr/mm-uuuuu
|
| 035 |
|
|
|a CL0511556
|
| 035 |
|
|
|a urn:nbn:sk:snk-ab1zq2
|
| 035 |
|
|
|a (urnnbn)urn:nbn:sk:snk:ar-a01bx6
|
| 035 |
|
|
|a (uuid)b5236f5e-2c82-42af-921a-69fa9770bb5d
|
| 040 |
|
|
|a SNKBUCL
|b slo
|c SNKBUCL
|e AACR2
|
| 041 |
0 |
|
|a slo
|
| 044 |
|
|
|a xo
|c SK
|
| 080 |
|
|
|a 792.5
|2 1981
|
| 100 |
1 |
|
|a Bulla, Marián,
|d 1939-
|4 aut
|9 185524
|
| 245 |
1 |
0 |
|a Maškarný bál z trochu iného pohľadu
|c Marián Bulla
|
| 300 |
|
|
|b Fotogr. 1
|
| 600 |
1 |
7 |
|a Verdi, Giuseppe,
|d 1813-1901
|t Maškarný bál
|2 snkbucl
|9 70847
|
| 651 |
|
7 |
|a Nord-Pas-de-Calais (Francúzsko)
|2 snkbucl
|9 11683
|
| 655 |
|
7 |
|a recenzie
|2 snkbucl
|9 21907
|
| 655 |
|
7 |
|a články z novín a časopisov
|2 snkbucl
|9 267496
|
| 773 |
0 |
|
|t Hudobný život '94
|g Roč. 26, č. 5 (1994), s. 5
|
| 850 |
|
|
|a Slovenská národná knižnica
|
| 852 |
|
|
|a Slovenská národná knižnica
|
| 954 |
|
|
|a odborná, vedecká literatúra pôvodná (slovenská)
|2 lita
|
| 958 |
|
|
|a article27
|
| 958 |
|
|
|a OND
|
| 958 |
|
|
|a EUIPO
|
| 992 |
|
|
|a RBX
|
| 999 |
|
|
|c 2820069
|d 2821999
|